| 000 | 00562nam a2200205Ia 4500 | ||
|---|---|---|---|
| 005 | 20250508162146.0 | ||
| 008 | 008 250505s9999 xx 000 0 eng d | ||
| 020 | _a0-87870-023-4 | ||
| 037 | _aTextual | ||
| 040 |
_aFEDL _beng _cFEDL |
||
| 041 |
_aeng _2eng |
||
| 084 |
_a650, SPA _qFEDL |
||
| 100 |
_aSparer Phineas J Ed. _9772465 |
||
| 245 | 0 | _aSocial conscience of business | |
| 260 | _c1974 | ||
| 300 | _axvi,58p | ||
| 490 | _aThe M L Seidman memorial town hall lecture series | ||
| 942 |
_cTEXL _h650, SPA |
||
| 999 |
_c1374725 _d1374725 |
||